| 000 | 01840nam a22002057a 4500 | ||
|---|---|---|---|
| 005 | 20260209140810.0 | ||
| 008 | 260127b ||||| |||| 00| 0 eng d | ||
| 040 | _cSSBUL | ||
| 082 |
_223 _bT-47 Ph.D |
||
| 100 | 0 |
_aNilar Khaing _b4 PhD-His-11 _965939 |
|
| 245 | 1 | 2 |
_aAn Anytical study on Socialist Economy (1974-1988) / _cNilar Khaing. |
| 260 |
_aMandalay : _b University of Mandalay, _cMay 2013. |
||
| 300 |
_axxiv ,145 p. _c30 cm. |
||
| 502 |
_bPh.D _cUniversity of Mandalay. _d2013. _aThis dissseration is an attempt to analyze the economic policy of the Burma Socialist Programme Party (B.S.P.P).In implementing the Socialist Economic policy,the agricultural sector,trade and commerce sector and the industrical sector were handled according to the rationale of its requirement,policy and method of implementation.As the overall policy objective was the establishment of the Socialist System,priority was accorded to the supremacy of the State Sector in all its economic undertakings.In the implementation of industrical plans and programmes there was excessive sectarian bias,inefficient management,negligence towards detailed execution,weakness in accepting responsibilities etc.Management staff was given no rights to offer constructive comments and criticisms in the line of duty.Thus to sum up,the Socialist Economic Policy of the B.S.P.P. failed to meet success and adversely led to the decline of general conditions of the country as a whole. |
||
| 504 | _aincludes bibliography. | ||
| 505 |
_aContents
Introduction
Chapters
1.The Advent of Socialist Economy
2.Agriculture
3.Trade and Commerce
4.Industry and Demestic Industry
Conclusion _rNilar Khaing. _tAn Anytical study on Socialist Economy (1974-1988). |
||
| 650 |
_aEconomic policy _xHistory _y(1974-1988) _zBurma _965940 |
||
| 942 |
_cREF _2ddc |
||
| 942 |
_2ddc _cREF |
||
| 999 |
_c47303 _d47303 |
||